A Text Book of Optics (Record no. 1108)
[ view plain ]
| 000 -LEADER | |
|---|---|
| fixed length control field | 00424nam a2200169Ia 4500 |
| 008 - FIXED-LENGTH DATA ELEMENTS--GENERAL INFORMATION | |
| fixed length control field | 221030s9999 xx 000 0 und d |
| 020 ## - INTERNATIONAL STANDARD BOOK NUMBER | |
| ISBN | 8121904676 |
| 041 ## - LANGUAGE CODE | |
| Language code of text/sound track or separate title | |
| 082 ## - DEWEY DECIMAL CLASSIFICATION NUMBER | |
| Classification number | 105.23 |
| Item number | Sub |
| 100 ## - MAIN ENTRY--AUTHOR NAME | |
| Personal name | N. Subrahmanyam |
| 245 #2 - TITLE STATEMENT | |
| Title | A Text Book of Optics |
| Statement of responsibility, etc | by N. Subrahmanyam, Brij Lal |
| 260 ## - PUBLICATION, DISTRIBUTION, ETC. (IMPRINT) | |
| Name of publisher | S. Chand & Co. |
| Place of publication | New Delhi |
| Year of publication | 2003 |
| 300 ## - PHYSICAL DESCRIPTION | |
| Number of Pages | 718 |
| 650 ## - SUBJECT ADDED ENTRY--TOPICAL TERM | |
| Topical Term | BB Physics |
| 700 ## - ADDED ENTRY--PERSONAL NAME | |
| Personal name | Brij Lal |
| 942 ## - ADDED ENTRY ELEMENTS (KOHA) | |
| Koha item type | Books |
| Accession Number | Cost, normal purchase price | Full call number | Price effective from | Koha item type | Withdrawn / writtenoff status | Materials specified (bound volume or other part) | Damaged status | Not for loan | Permanent Location | Current Location | Shelving location | Date acquired | Lost/ Missing status | department |
|---|---|---|---|---|---|---|---|---|---|---|---|---|---|---|
| BB 04 | 125.00 | 105.23 Sub | 10/30/2022 | Books | MIET Library, Jammu | MIET Library, Jammu | BL-Second, FL-1, CUP-101, SH-2, R-2 | 06/17/2003 | BB |